LEADER 01462nam a2200313 a 4500 001 000000130562 003 CaOOAMICUS 005 20121001133606.0 008 121001s1992 it u000 u ita r 020 $a88-7710-247-0 040 $aPUL$bita 041 1 $aita$hger 100 1 $aArendt, Hannah,$d1906-1975.$0(OLS)http://pul/name/14845 240 10$aLiebesbegriff bei Augustin.$lItaliano.$0(OLS)http://pul/title/165010 245 13$aIl concetto d'amore in Agostino :$bsaggio di interpretazione filosofica /$cHannah Arendt ; traduzione e cura di Laura Boella. 260 $aMilano :$bSE,$c©1992. 300 $a165 p. ;$c23 cm 490 1 $aSaggi e documenti del Novecento ;$v40 504 $aBibliografia in nota. 600 04$aAugustinus,$cs., vesc. d'Ippona,$d354-430$xCritica e interpretazione.$0(OLS)http://pul/subject/4843 700 1 $aBoella, Laura.$0(OLS)http://pul/name/42799 830 0$aSaggi e documenti del Novecento ;$v40.$0(OLS)http://pul/title/165012 850 $aPUL 852 $aPUL$W1$xDP1 Fondo E. Rossi$y115$m1 A 49$j41551$qFondi$q$aCollocazione ms. sul dorso di E. Rossi: A 50 2$B149688$CPULBib$Z2$F149688 $Hnull $81 941 1 $a1 996 $6020$a88-7710-247-0$9(OLS)http://pul/number/150635 996 $6245$aIl concetto d'amore in Agostino :$bsaggio di interpretazione filosofica$9(OLS)http://pul/title/165011 996 $6260$aMilano :$bSE$9(OLS)http://pul/publisher/76149 LEADER 01691nam a2200373 a 4500 001 000000134252 003 CaOOAMICUS 005 20130611100421.0 008 130607s2000 vc a u000 u ita r 020 $a88-209-2861-2 040 $aPUL$bita 041 1 $aita$hlat 082 04$a264.36 100 0 $aInnocentius PP.$bIII,$dc. 1161-1216.$0(OLS)http://pul/name/15364 240 10$aDe sacro altaris mysterio.$lItaliano e latino.$0(OLS)http://pul/title/169741 245 12$aL'eucaristia =$b(De sacro altaris mysterio) /$cInnocenzo III ; prima edizione italiana a cura di Stanislao Fioramonti. 260 $aCittą del Vaticano :$bLibreria editrice vaticana,$c©2000. 300 $a253 p. :$bill. ;$c21 cm 504 $aBibliografia in nota. 546 $aTesto latino a fronte. 650 4$aEucaristia$xLiturgia.$0(OLS)http://pul/subject/17405 700 1 $aFioramonti, Stanislao,$d1951-$0(OLS)http://pul/name/64529 850 $aPUL 852 $aPUL$W1$xDP2 Religione 3$y114$m264. 36 FIOST 1$j154346$qDDC 21$q $B153898$CPULBib$Z2$F153898 $H108517 $81 900 $aInnocenzo$bIII,$cpapa,$dc. 1161-1216$915364 900 $aLotario dei conti di Segni,$dc. 1161-1216$915364 910 $aPapi (1198-1216 : Innocentius PP. III)$915364 910 $aPapi (1198-1216 : Innocentius PP. III)$915364 941 1 $a9 996 $6020$a88-209-2861-2$9(OLS)http://pul/number/152949 996 $6082$a264.36$9(OLS)http://pul/classification/588 996 $6245$aL'eucaristia =$b(De sacro altaris mysterio)$9(OLS)http://pul/title/169742 996 $6260$aCittą del Vaticano :$bLibreria editrice vaticana$9(OLS)http://pul/publisher/47920